|
|
|
|
| LEADER |
00000nam a22000007a 4500 |
| 005 |
20160901153656.0 |
| 007 |
cr|||| |||| |
| 008 |
160901s2009 it |||||s|||| 00| 0 ita d |
| 020 |
|
|
|a 978-88613-2462-6
|
| 035 |
|
|
|a 5449
|
| 040 |
|
|
|a SpMaUCDE
|d BUS
|d vLex
|
| 090 |
|
|
|c 6233
|d 6233
|
| 100 |
1 |
0 |
|a Di Pirro, Massimiliano
|
| 245 |
1 |
0 |
|a Compendio di diritto penale
|h [Recurso electrn̤ico] /
|c Massimiliano di Pirro.
|
| 256 |
|
|
|a Servicio en ln̕ea.
|
| 260 |
|
|
|a [Piacenza] :
|b Casa Editrice La Tribuna,
|c 2009.
|
| 300 |
|
|
|a 1 recurso electrn̤ico
|
| 506 |
1 |
|
|a Contenido solo disponible en los productos indicados
|d vLex Global
|d vLex Global (Academic Edition, excluding Law Schools)
|d vLex Global (U.S. Academic Edition, Law Schools)
|d vLex Global (U.S. Academic Edition, excluding Law Schools)
|d vLex Global (Academic Edition, Law Schools)
|
| 650 |
0 |
4 |
|a Derecho penal
|z Italia
|
| 740 |
0 |
|
|a vLex Libros (Servicio en ln̕ea)
|
| 856 |
4 |
0 |
|u http://vlex.com/source/compendio-diritto-penale-5449
|z Acceso restringido
|
| 942 |
|
|
|c BOOK
|